000 00287nam a2200097Ia 4500
001 789398
005 20250826170418.0
008 250824s9999 xx 000 0 und d
245 0 _aSALTANATTAN CUMHURİYETE YAKIN TARİHİMİZİN SIR PERDESİ
_cYAVUZ BAHADIROĞLU
260 _bPANAMA YAYINLARI
999 _c789398
_d789398